[Event "EU-ch (Women) 24th"]
[Site "Rhodes"]
[Date "2024.04.29"]
[Round "10"]
[White "Krasteva, Beloslava"]
[Black "Benmesbah, Natacha"]
[Result "1-0"]
[WhiteElo "2220"]
[BlackElo "2306"]
[PlyCount "79"]
[EventDate "2024.04.19"]
[EventType "swiss"]
[EventRounds "10"]
[EventCountry "GRE"]
[SourceTitle "CB18_2024"]
[SourceDate "2024.05.01"]
[SourceVersion "1"]
[SourceVersionDate "2024.05.01"]
[SourceQuality "2"]

1. d4 Nf6 2. c4 g6 3. Nc3 Bg7 4. e4 d6 5. Bd3 0-0 6. Nge2 c5 7. d5 e6 8. 0-0 exd5 9. cxd5 Nbd7 10. Ng3 h5 11. h3 Re8 12. Bg5 a6 13. a4 Qb6 14. Qd2 Ne5 15. Be2 Qb4 16. f4 Nc4 17. Bxc4 Qxc4 18. f5 Qd4+ 19. Qxd4 cxd4 20. fxg6 fxg6 21. Bxf6 dxc3 22. bxc3 h4 23. Bxh4 Bxc3 24. Rac1 Bd4+ 25. Kh2 b5 26. Bf6 Bc5 27. e5 Bb7 28. Ne4 Bxd5 29. Nxd6 Bd4 30. Nxe8 Rxe8 31. axb5 axb5 32. Rfd1 Be3 33. Rc3 Bf4+ 34. g3 Bxe5 35. Re3 Bxf6 36. Rxe8+ Kf7 37. Rb8 Bc4 38. Rb7+ Ke6 39. Rb6+ Ke7 40. Rdd6 1-0

[Event "EU-ch (Women) 24th"]
[Site "Rhodes"]
[Date "2024.04.23"]
[Round "5"]
[White "Kiolbasa, Oliwia"]
[Black "Krasteva, Beloslava"]
[Result "0-1"]
[WhiteElo "2386"]
[BlackElo "2220"]
[PlyCount "120"]
[EventDate "2024.04.19"]
[EventType "swiss"]
[EventRounds "10"]
[EventCountry "GRE"]
[SourceTitle "CB18_2024"]
[SourceDate "2024.05.01"]
[SourceVersion "1"]
[SourceVersionDate "2024.05.01"]
[SourceQuality "2"]

1. d4 Nf6 2. c4 e6 3. Nc3 Bb4 4. e3 0-0 5. Bd2 d5 6. Nf3 Be7 7. Bd3 dxc4 8. Bxc4 a6 9. 0-0 b5 10. Bb3 Bb7 11. Qe2 Nbd7 12. Rfd1 c5 13. a3 Qb6 14. Be1 Rfd8 15. Ba2 Rac8 16. Rac1 Qa7 17. d5 exd5 18. Nxd5 Bxd5 19. Bxd5 c4 20. Ba5 Re8 21. Ne1 Nc5 22. Bc3 Nxd5 23. Rxd5 Na4 24. Bd4 Bc5 25. Bxc5 Nxc5 26. Rcd1 Qe7 27. Qg4 Qf6 28. Nf3 h6 29. Nd4 Nd3 30. Nf5 Rcd8 31. Rxd8 Rxd8 32. h4 g6 33. Nxh6+ Kg7 34. Qg5 Qxf2+ 35. Kh2 Rh8 36. Rd2 Qf6 37. Qxf6+ Kxf6 38. Ng4+ Kf5 39. Kg3 Ke4 40. Re2 f5 41. Nh2 Ne5 42. Nf1 Rd8 43. Re1 Ng4 44. Kh3 Rd3 45. Ng3+ Ke5 46. Nf1 Rd1 47. Rxd1 Nf2+ 48. Kg3 Nxd1 49. Kf3 Nxb2 50. Ke2 a5 51. Ng3 c3 52. h5 gxh5 53. Nxh5 b4 54. axb4 axb4 55. Nf4 b3 56. g3 Ke4 57. Ne6 Na4 58. Ng5+ Kd5 59. Kd3 c2 60. Kd2 Nc3 0-1

[Event "EU-ch Rapid (Women)"]
[Site "Monaco"]
[Date "2024.01.14"]
[Round "6"]
[White "Krasteva, Beloslava"]
[Black "Ushenina, Anna"]
[Result "0-1"]
[WhiteElo "2251"]
[BlackElo "2415"]
[PlyCount "124"]
[EventDate "2024.01.13"]
[EventType "swiss (rapid)"]
[EventRounds "11"]
[EventCountry "MNC"]
[SourceTitle "CB03_2024"]
[SourceDate "2024.01.17"]
[SourceVersion "1"]
[SourceVersionDate "2024.01.17"]
[SourceQuality "1"]

1. d4 d5 2. c4 e6 3. Nc3 a6 4. cxd5 exd5 5. Nf3 Nf6 6. Bg5 Be6 7. e3 Nbd7 8. Bd3 Bd6 9. 0-0 c6 10. Bf4 Qc7 11. Qd2 h6 12. Rab1 Bg4 13. Bxd6 Qxd6 14. Nh4 0-0 15. h3 Be6 16. Rfc1 Nb6 17. Nf3 Rfe8 18. Ne5 Nfd7 19. f4 f6 20. Nf3 Nf8 21. Ne2 Qd7 22. Ng3 Nc8 23. f5 Bf7 24. b3 Nd6 25. Re1 Re7 26. Rbd1 Rae8 27. Kf2 Kh8 28. Qc2 Bg8 29. Nh5 Bf7 30. Nf4 Ne4+ 31. Bxe4 Rxe4 32. g4 Qd6 33. Qd2 Nd7 34. Rc1 Nb6 35. Nd3 R4e7 36. Nc5 Nc8 37. a4 Qc7 38. a5 Nd6 39. Qb4 Ne4+ 40. Nxe4 dxe4 41. Ng1 Qh2+ 42. Kf1 Qg3 43. Rc2 h5 44. Rg2 Qh4 45. Qc3 c5 46. dxc5 Rd7 47. b4 Rd3 48. Qc1 Red8 49. c6 bxc6 50. Qxc6 Rd2 51. Qc3 Bc4+ 52. Ne2 Bb5 53. gxh5 Rxe2 54. Rgxe2 Qxh3+ 55. Kg1 Bxe2 56. Rxe2 Qg3+ 57. Kf1 Qf3+ 58. Ke1 Qh1+ 59. Kf2 Qh2+ 60. Kf1 Rd1+ 61. Re1 Rd2 62. Qc8+ Kh7 0-1

[Event "EU-ch Rapid (Women)"]
[Site "Monaco"]
[Date "2024.01.14"]
[Round "7"]
[White "Savina, Anastasia"]
[Black "Krasteva, Beloslava"]
[Result "1-0"]
[WhiteElo "2340"]
[BlackElo "2251"]
[PlyCount "105"]
[EventDate "2024.01.13"]
[EventType "swiss (rapid)"]
[EventRounds "11"]
[EventCountry "MNC"]
[SourceTitle "CB03_2024"]
[SourceDate "2024.01.17"]
[SourceVersion "1"]
[SourceVersionDate "2024.01.17"]
[SourceQuality "1"]

1. d4 Nf6 2. c4 e6 3. Nc3 Bb4 4. e3 0-0 5. Bd3 d5 6. a3 Bxc3+ 7. bxc3 dxc4 8. Bxc4 c5 9. Ne2 Qc7 10. Bd3 Rd8 11. f4 b6 12. 0-0 Bb7 13. Ng3 Nc6 14. Qe2 Rac8 15. Bb2 Na5 16. Rad1 cxd4 17. cxd4 Nc4 18. Rc1 b5 19. f5 Qd6 20. fxe6 fxe6 21. Nh5 Nxb2 22. Nxf6+ gxf6 23. Rxc8 Rxc8 24. Qxb2 Qd5 25. e4 Qg5 26. Rf3 Qc1+ 27. Qxc1 Rxc1+ 28. Kf2 Kf7 29. Rh3 Kg7 30. d5 exd5 31. exd5 Bxd5 32. Rxh7+ Kf8 33. Rxa7 Rc3 34. Bf1 Rc2+ 35. Kg3 Ra2 36. Ra5 Be4 37. h4 Kg7 38. Bxb5 Rxg2+ 39. Kf4 f5 40. Ra7+ Kf6 41. Ra6+ Kg7 42. h5 Rh2 43. Be8 Rf2+ 44. Ke5 Bd3 45. Rd6 Re2+ 46. Kf4 Bc4 47. h6+ Kh8 48. Bg6 Rf2+ 49. Kg5 Rg2+ 50. Kf6 f4 51. Rd8+ Bg8 52. h7 Rxg6+ 53. Kxg6 1-0

[Event "EU-ch Rapid (Women)"]
[Site "Monaco"]
[Date "2024.01.13"]
[Round "2"]
[White "Krasteva, Beloslava"]
[Black "Batsiashvili, Nino"]
[Result "0-1"]
[WhiteElo "2251"]
[BlackElo "2451"]
[PlyCount "128"]
[EventDate "2024.01.13"]
[EventType "swiss (rapid)"]
[EventRounds "11"]
[EventCountry "MNC"]
[SourceTitle "CB03_2024"]
[SourceDate "2024.01.17"]
[SourceVersion "1"]
[SourceVersionDate "2024.01.17"]
[SourceQuality "1"]

1. d4 Nf6 2. c4 e6 3. Nc3 d5 4. cxd5 exd5 5. Bg5 c6 6. e3 h6 7. Bh4 Be7 8. Bd3 0-0 9. Nge2 Ne8 10. Bg3 Nd6 11. Qc2 a5 12. 0-0 Na6 13. a3 Nc7 14. Nf4 Bh4 15. Nh5 Bxg3 16. Nxg3 Re8 17. Rfe1 Ne6 18. Rad1 Bd7 19. f3 Qg5 20. Qf2 h5 21. f4 Qh6 22. h4 Nf8 23. f5 Nh7 24. e4 dxe4 25. Ncxe4 Nxe4 26. Nxe4 Nf6 27. Ng5 Ng4 28. Qf4 Qf6 29. Bc4 Nh6 30. Re5 Rxe5 31. dxe5 Qxf5 32. Qxf5 Bxf5 33. Nxf7 Nxf7 34. e6 Bxe6 35. Bxe6 Re8 36. Bb3 Re7 37. Rd8+ Kh7 38. Ra8 Ne5 39. Rxa5 g6 40. Bc2 Ng4 41. Bd3 Re1+ 42. Bf1 Rb1 43. Ra4 Rxb2 44. Rb4 Rxb4 45. axb4 Kg7 46. b5 Kf6 47. bxc6 bxc6 48. Bd3 c5 49. Kf1 c4 50. Bb1 Ne3+ 51. Kf2 Nf5 52. g3 Ke5 53. Kf3 c3 54. Kf2 Kf6 55. Bd3 Ke5 56. Bb1 Kd5 57. g4 hxg4 58. h5 gxh5 59. Bxf5 Ke5 60. Bc2 h4 61. Ke3 h3 62. Be4 g3 63. Bf3 g2 64. Kf2 c2 0-1

[Event "EU-ch Rapid (Women)"]
[Site "Monaco"]
[Date "2024.01.13"]
[Round "5"]
[White "Zimina, Olga"]
[Black "Krasteva, Beloslava"]
[Result "0-1"]
[WhiteElo "2291"]
[BlackElo "2251"]
[PlyCount "106"]
[EventDate "2024.01.13"]
[EventType "swiss (rapid)"]
[EventRounds "11"]
[EventCountry "MNC"]
[SourceTitle "CB03_2024"]
[SourceDate "2024.01.17"]
[SourceVersion "1"]
[SourceVersionDate "2024.01.17"]
[SourceQuality "1"]

1. d4 Nf6 2. Nf3 e6 3. g3 d5 4. Bg2 h6 5. 0-0 Bd6 6. c4 0-0 7. Qc2 b6 8. cxd5 exd5 9. Nc3 Bb7 10. Nh4 Re8 11. Nf5 Bf8 12. Bf4 Na6 13. Rfd1 c6 14. Rac1 Rc8 15. h3 Nc7 16. Be5 Ne6 17. Qa4 a5 18. Qb3 b5 19. a3 g6 20. Nh4 Nd7 21. Nf3 Nxe5 22. Nxe5 Nxd4 23. Rxd4 Rxe5 24. e4 Qb6 25. Rd2 d4 26. Ne2 c5 27. Qd1 Bxe4 28. Bxe4 Rxe4 29. Nxd4 Rce8 30. Nf3 c4 31. a4 Bb4 32. Rdc2 Qf6 33. axb5 Rd8 34. Nd2 Re6 35. Kg2 Qg5 36. h4 Qxb5 37. h5 Qd5+ 38. Qf3 Bxd2 39. Qxd5 Rxd5 40. Rd1 Red6 41. hxg6 fxg6 42. Rxc4 Bb4 43. Rdc1 Rd2 44. b3 Rf6 45. Rc8+ Bf8 46. Rf1 Kg7 47. Ra8 Bb4 48. Ra7+ Rf7 49. Ra6 Rb2 50. g4 Rxb3 51. Rc1 Rb2 52. Rcc6 Rbxf2+ 53. Kg1 R2f6 0-1

[Event "EU-ch Blitz (Women)"]
[Site "Monaco"]
[Date "2024.01.12"]
[Round "13"]
[White "Galvan Cipriani, Viviana"]
[Black "Krasteva, Beloslava"]
[Result "1-0"]
[WhiteElo "2104"]
[BlackElo "2251"]
[PlyCount "94"]
[EventDate "2024.01.12"]
[EventType "swiss (blitz)"]
[EventRounds "13"]
[EventCountry "MNC"]
[SourceTitle "CB03_2024"]
[SourceDate "2024.01.17"]
[SourceVersion "1"]
[SourceVersionDate "2024.01.17"]
[SourceQuality "1"]

1. c4 e6 2. Nf3 d5 3. b3 d4 4. g3 c5 5. Bg2 Nc6 6. 0-0 Bd6 7. e3 e5 8. exd4 cxd4 9. d3 Nf6 10. h3 h6 11. Ba3 0-0 12. Re1 Bf5 13. Bxd6 Qxd6 14. a3 a5 15. Qe2 Rfe8 16. Nbd2 Nd7 17. Nh4 Bh7 18. Be4 g6 19. Bd5 Nc5 20. Rab1 g5 21. Qf3 gxh4 22. Bxf7+ Kh8 23. Bxe8 Rxe8 24. Ne4 Nxe4 25. dxe4 Rf8 26. Qh5 hxg3 27. fxg3 Rg8 28. Kh2 d3 29. Rbd1 Qd4 30. Qf3 Rd8 31. Qf6+ Kg8 32. Qe6+ Kg7 33. Qg4+ Kh8 34. Qf3 Rd7 35. Re3 d2 36. Re2 Bg8 37. Qf6+ Kh7 38. Qf5+ Kg7 39. Qg4+ Kh8 40. Qf3 Kg7 41. Qg4+ Kh8 42. Qh4 Kg7 43. Qg4+ Kh8 44. Qh4 Kg7 45. Qg4+ Kh8 46. h4 Bh7 47. Qf3 Kg7 1-0

[Event "EU-ch Blitz (Women)"]
[Site "Monaco"]
[Date "2024.01.12"]
[Round "10"]
[White "Krasteva, Beloslava"]
[Black "Hunt, Harriet"]
[Result "1-0"]
[WhiteElo "2251"]
[BlackElo "2306"]
[PlyCount "70"]
[EventDate "2024.01.12"]
[EventType "swiss (blitz)"]
[EventRounds "13"]
[EventCountry "MNC"]
[SourceTitle "CB03_2024"]
[SourceDate "2024.01.17"]
[SourceVersion "1"]
[SourceVersionDate "2024.01.17"]
[SourceQuality "1"]

1. d4 Nf6 2. c4 e6 3. Nc3 Bb4 4. e3 b6 5. Nge2 Ba6 6. a3 Bxc3+ 7. Nxc3 d5 8. cxd5 Bxf1 9. dxe6 Ba6 10. exf7+ Kxf7 11. e4 Re8 12. e5 Nc6 13. Be3 Nxe5 14. dxe5 Qxd1+ 15. Rxd1 Rxe5 16. Kd2 c5 17. Kc1 Rae8 18. Bf4 Rf5 19. Bg3 Bb7 20. f3 g5 21. h4 Bc6 22. Rd6 Re6 23. Rhd1 Ne8 24. Rxe6 Kxe6 25. Re1+ Kf7 26. Ne4 gxh4 27. Bxh4 h6 28. Ng3 Rd5 29. Re7+ Kf8 30. Rxa7 Bb5 31. Ne4 Rd7 32. Ra8 Kf7 33. Rb8 Ba4 34. Nc3 Bb3 35. Rxb6 c4 1-0

[Event "EU-ch Blitz (Women)"]
[Site "Monaco"]
[Date "2024.01.12"]
[Round "7"]
[White "Uta, Adeline Ramona"]
[Black "Krasteva, Beloslava"]
[Result "0-1"]
[WhiteElo "2036"]
[BlackElo "2251"]
[PlyCount "112"]
[EventDate "2024.01.12"]
[EventType "swiss (blitz)"]
[EventRounds "13"]
[EventCountry "MNC"]
[SourceTitle "CB03_2024"]
[SourceDate "2024.01.17"]
[SourceVersion "1"]
[SourceVersionDate "2024.01.17"]
[SourceQuality "1"]

1. e4 c5 2. Nf3 e6 3. d4 cxd4 4. Nxd4 Nc6 5. Nc3 Qc7 6. Ndb5 Qb8 7. Be2 a6 8. Na3 b5 9. Nab1 Nf6 10. 0-0 Bc5 11. Bg5 h6 12. Bh4 Bb7 13. Nd2 Nd4 14. Bd3 d6 15. Bxf6 gxf6 16. Qh5 Ke7 17. a4 b4 18. Ne2 Qg8 19. c3 Nxe2+ 20. Bxe2 Qg5 21. Qxg5 fxg5 22. Rac1 Rac8 23. Bf3 h5 24. h3 h4 25. Nb3 bxc3 26. bxc3 Bb6 27. a5 Ba7 28. Nd4 Rc4 29. Rb1 Rb8 30. Ne2 Bxe4 31. Bxe4 Rxe4 32. Rxb8 Bxb8 33. Rb1 Rxe2 34. Rxb8 Re1+ 35. Kh2 Ra1 36. Rb7+ Kf6 37. Rb6 Rxa5 38. Rxd6 Ke5 39. Rd7 f5 40. Rc7 Kd6 41. Rc8 Rc5 42. Ra8 Rc6 43. Kg1 Kc5 44. Kf1 Kc4 45. Ke2 Kxc3 46. Rg8 a5 47. Rxg5 a4 48. Rg8 Ra6 49. Kd1 a3 50. Rc8+ Kd3 51. Rd8+ Ke4 52. f3+ Ke3 53. Kc2 a2 54. Rd3+ Kf2 55. Rd2+ Kg3 56. Re2 a1Q 0-1

[Event "EU-chT (Women) 24th"]
[Site "Budva"]
[Date "2023.11.13"]
[Round "3.5"]
[White "Hryzlova, Sofiia"]
[Black "Krasteva, Beloslava"]
[Result "1-0"]
[WhiteElo "2199"]
[BlackElo "2262"]
[PlyCount "131"]
[EventDate "2023.11.11"]
[EventType "team-swiss"]
[EventRounds "9"]
[EventCountry "MNE"]
[SourceTitle "CB47_2023"]
[SourceDate "2023.11.22"]
[SourceVersion "1"]
[SourceVersionDate "2023.11.22"]
[SourceQuality "1"]
[WhiteTeam "Switzerland (W)"]
[BlackTeam "Bulgaria (W)"]
[WhiteTeamCountry "SUI"]
[BlackTeamCountry "BUL"]

1. c4 c5 2. Nc3 Nc6 3. Nf3 g6 4. e3 Nf6 5. d4 cxd4 6. exd4 d5 7. cxd5 Nxd5 8. Qb3 Nxc3 9. Bc4 Nd5 10. Bxd5 e6 11. Bxc6+ bxc6 12. 0-0 Qd5 13. Qe3 f6 14. Nd2 Kf7 15. Ne4 h5 16. Re1 Be7 17. Bd2 h4 18. h3 Rh5 19. Rac1 a5 20. Qf4 Bd7 21. Rc5 Qxa2 22. Rxh5 gxh5 23. Nc5 Bxc5 24. dxc5 Rg8 25. Bc3 Qd5 26. Qxf6+ Ke8 27. f3 Qxc5+ 28. Bd4 Qg5 29. Re2 c5 30. Qxg5 Rxg5 31. Bf6 Rd5 32. Bxh4 Kf7 33. Be1 a4 34. Kf2 Rd3 35. Rc2 Rb3 36. Kg3 Kg6 37. Kf4 c4 38. Bc3 Bc6 39. g4 a3 40. bxa3 Rxa3 41. h4 e5+ 42. Kxe5 Bxf3 43. g5 Ra8 44. Rd2 Re8+ 45. Kf4 Bg4 46. Rd6+ Re6 47. Rd8 Kf7 48. Rd7+ Ke8 49. Rc7 Be2 50. Kf5 Bg4+ 51. Kf4 Be2 52. Rh7 Kf8 53. Bf6 Kg8 54. Rg7+ Kf8 55. Kf5 Bg4+ 56. Kg6 Rc6 57. Rf7+ Ke8 58. Kg7 Re6 59. Rc7 Be2 60. g6 Bd3 61. Rc5 Kd7 62. Rxh5 Rc6 63. Rg5 Kc8 64. Rg3 c3 65. Rxd3 c2 66. Bg5 1-0

[Event "EU-chT (Women) 24th"]
[Site "Budva"]
[Date "2023.11.11"]
[Round "1.5"]
[White "Isgandarova, Khayala Ilqar Qizi"]
[Black "Krasteva, Beloslava"]
[Result "1-0"]
[WhiteElo "2086"]
[BlackElo "2262"]
[PlyCount "57"]
[EventDate "2023.11.11"]
[EventType "team-swiss"]
[EventRounds "9"]
[EventCountry "MNE"]
[SourceTitle "CB47_2023"]
[SourceDate "2023.11.22"]
[SourceVersion "1"]
[SourceVersionDate "2023.11.22"]
[SourceQuality "1"]
[WhiteTeam "Turkey (W)"]
[BlackTeam "Bulgaria (W)"]
[WhiteTeamCountry "TUR"]
[BlackTeamCountry "BUL"]

1. e4 c5 2. Nc3 a6 3. g3 b5 4. Bg2 Bb7 5. d3 e6 6. Nh3 Nf6 7. 0-0 d6 8. f4 Nc6 9. Be3 b4 10. Na4 Nd7 11. c3 Be7 12. d4 cxd4 13. cxd4 0-0 14. f5 exf5 15. Rxf5 Bf6 16. Rc1 Rc8 17. Rf2 g6 18. e5 Bg7 19. exd6 Re8 20. Bg5 Qa5 21. Nc5 Bxd4 22. Nxb7 Bxf2+ 23. Nxf2 Qxg5 24. Bxc6 Ne5 25. d7 Nxd7 26. Nd6 Rxc6 27. Rxc6 Rf8 28. Nde4 Qe7 29. Qxd7 1-0

[Event "Wch U20 Girls 39th"]
[Site "Mexico City"]
[Date "2023.09.29"]
[Round "9"]
[White "Krasteva, Beloslava"]
[Black "Obregon Garcia, Roxangel"]
[Result "1-0"]
[WhiteElo "2223"]
[BlackElo "2171"]
[PlyCount "137"]
[EventDate "2023.09.21"]
[EventType "swiss"]
[EventRounds "11"]
[EventCountry "MEX"]
[SourceTitle "EXT 2024"]
[Source "ChessBase"]
[SourceDate "2023.10.10"]
[SourceVersion "1"]
[SourceVersionDate "2023.10.10"]
[SourceQuality "1"]

1. d4 d5 2. c4 c6 3. cxd5 cxd5 4. Bf4 Nc6 5. e3 Nf6 6. Nc3 a6 7. Be2 Bf5 8. Nf3 e6 9. Qb3 Nh5 10. Be5 Qd7 11. h3 Nf6 12. 0-0 Ne4 13. Na4 Na5 14. Qd1 Qd8 15. Rc1 Bd6 16. Nc5 Bxe5 17. Nxe5 f6 18. Ned3 b6 19. Nxe4 Bxe4 20. Nf4 Kf7 21. Qa4 Qd6 22. Rc3 g5 23. Nh5 Nc4 24. Bxc4 b5 25. Bxb5 axb5 26. Qb3 Rhc8 27. Rfc1 Rc4 28. Ng3 Bd3 29. Rd1 Rb4 30. Rc7+ Qxc7 31. Qxb4 Qc2 32. Qd2 Qxd2 33. Rxd2 Bb1 34. a3 b4 35. axb4 Rb8 36. Ne2 Rxb4 37. Nc3 Bg6 38. f3 Ke7 39. Kf2 Kd6 40. e4 Kc6 41. Ke3 Kd6 42. exd5 exd5 43. Na2 Rb3+ 44. Ke2 f5 45. Nc1 Rb4 46. f4 h6 47. b3 gxf4 48. Kf3 Rb8 49. Ra2 Bh5+ 50. Kxf4 Re8 51. Ra6+ Kd7 52. Rxh6 Bd1 53. Nd3 Re4+ 54. Kxf5 Rxd4 55. Nc5+ Ke7 56. Ke5 Rd2 57. Rh7+ Kf8 58. g4 d4 59. Rd7 Re2+ 60. Kxd4 Rh2 61. Ke5 Bc2 62. Kf6 Kg8 63. Ne6 Rf2+ 64. Kg5 Bxb3 65. Nf4 Ra2 66. h4 Ra5+ 67. Kh6 Ra6+ 68. Ng6 Bc2 69. Rg7# 1-0

[Event "Wch U20 Girls 39th"]
[Site "Mexico City"]
[Date "2023.09.21"]
[Round "1"]
[White "Oviedo Acosta, Paula"]
[Black "Krasteva, Beloslava"]
[Result "0-1"]
[WhiteElo "1786"]
[BlackElo "2223"]
[PlyCount "122"]
[EventDate "2023.09.21"]
[EventType "swiss"]
[EventRounds "11"]
[EventCountry "MEX"]
[SourceTitle "EXT 2024"]
[Source "ChessBase"]
[SourceDate "2023.10.10"]
[SourceVersion "1"]
[SourceVersionDate "2023.10.10"]
[SourceQuality "1"]

1. e4 c5 2. Nf3 e6 3. d4 cxd4 4. Nxd4 Nc6 5. Nc3 Qc7 6. a3 a6 7. Nxc6 Qxc6 8. Bd3 Nf6 9. Qf3 Bd6 10. 0-0 0-0 11. Bg5 Be5 12. Rfe1 d6 13. Rad1 h6 14. Bc1 b5 15. Nb1 Bb7 16. c3 Qc7 17. Qh3 Nd7 18. Bc2 Rfd8 19. Nd2 d5 20. Nf3 dxe4 21. Nxe5 Qxe5 22. Be3 Qc7 23. Qh4 Nb6 24. Bxb6 Qxb6 25. Bxe4 Bxe4 26. Qxe4 Rac8 27. Qh4 Rd6 28. Qe7 Rcd8 29. Rxd6 Qxd6 30. Qxd6 Rxd6 31. Kf1 Kf8 32. Ke2 Ke7 33. Ra1 Rc6 34. a4 b4 35. Kd3 bxc3 36. b3 e5 37. Rc1 Rg6 38. Rg1 Rf6 39. Rf1 Rg6 40. Rg1 Rf6 41. Rf1 Rd6+ 42. Kxc3 f5 43. Re1 Ke6 44. Re2 Rc6+ 45. Kb4 Rb6+ 46. Kc4 a5 47. Rd2 e4 48. g3 g5 49. Re2 Ke5 50. Rd2 Ke6 51. Rb2 f4 52. Kd4 Kf5 53. h3 Rd6+ 54. Kc5 Rd1 55. b4 axb4 56. a5 e3 57. a6 Ke4 58. gxf4 gxf4 59. fxe3 fxe3 60. a7 Ra1 61. Kxb4 Rxa7 0-1

[Event "Titled Tuesday intern op 08th Aug Late"]
[Site "Chess.com INT"]
[Date "2023.08.08"]
[Round "3"]
[White "Krasteva, Beloslava"]
[Black "Glavina, Pablo"]
[Result "0-1"]
[WhiteElo "2223"]
[BlackElo "2415"]
[PlyCount "52"]
[EventDate "2023.08.08"]
[EventType "swiss (blitz)"]
[EventRounds "11"]
[EventCountry "USA"]
[SourceTitle "EXT 2024"]
[Source "ChessBase"]
[SourceDate "2023.10.10"]
[SourceVersion "1"]
[SourceVersionDate "2023.10.10"]
[SourceQuality "1"]

1. c4 e5 2. Nc3 Nf6 3. g3 Bb4 4. Bg2 Bxc3 5. bxc3 0-0 6. e4 c6 7. Ne2 d5 8. cxd5 cxd5 9. exd5 Nxd5 10. 0-0 Nc6 11. d4 Bg4 12. h3 Nxc3 13. Qd2 Bxe2 14. Re1 exd4 15. Rxe2 Nxe2+ 16. Qxe2 Re8 17. Qd1 Qa5 18. Bd2 Qf5 19. Rb1 Qd7 20. Rb5 Rad8 21. Qb3 b6 22. Rg5 Ne5 23. Bf4 Ng6 24. Bd2 Qe6 25. Bd5 Qf6 26. h4 Re2 0-1

[Event "Titled Tuesday intern op 13th Jun Late"]
[Site "Chess.com INT"]
[Date "2023.06.13"]
[Round "5"]
[White "Garmendia Vega, Gabriel"]
[Black "Krasteva, Beloslava"]
[Result "0-1"]
[WhiteElo "2013"]
[BlackElo "2238"]
[PlyCount "86"]
[EventDate "2023.06.13"]
[EventType "swiss (blitz)"]
[EventRounds "11"]
[EventCountry "USA"]
[SourceTitle "EXT 2024"]
[Source "ChessBase"]
[SourceDate "2023.10.10"]
[SourceVersion "1"]
[SourceVersionDate "2023.10.10"]
[SourceQuality "1"]

1. d4 d5 2. Bf4 Nf6 3. e3 c5 4. c3 Nc6 5. Nd2 e6 6. Ngf3 Nh5 7. Bg5 f6 8. Bh4 g6 9. Bd3 cxd4 10. exd4 Bd6 11. 0-0 Nf4 12. Bc2 0-0 13. Bg3 g5 14. Re1 Qc7 15. Bxf4 Bxf4 16. g3 Bd6 17. Rc1 Qg7 18. c4 Bd7 19. cxd5 exd5 20. Bb3 Ne7 21. Ne4 Bb4 22. Nc3 Kh8 23. a3 Bd6 24. Nxd5 Nxd5 25. Bxd5 Bg4 26. Qd3 Rad8 27. Bxb7 Qxb7 28. Nd2 Bh3 29. f3 Be5 30. Nb3 Rd5 31. Kh1 Rfd8 32. Qc3 Bxd4 33. Nxd4 Rxd4 34. Rc2 Bf5 35. Rce2 R8d6 36. Re7 Qd5 37. Re8+ Kg7 38. R1e7+ Kg6 39. Rg8+ Kh6 40. Re3 Rd1+ 41. Kg2 Qd2+ 42. Qxd2 R6xd2+ 43. Re2 Rxe2# 0-1

[Event "Titled Tuesday intern op 13th Jun Late"]
[Site "Chess.com INT"]
[Date "2023.06.13"]
[Round "4"]
[White "Krasteva, Beloslava"]
[Black "Uzcategui Rodriguez, Alejandro"]
[Result "0-1"]
[WhiteElo "2238"]
[BlackElo "2290"]
[PlyCount "94"]
[EventDate "2023.06.13"]
[EventType "swiss (blitz)"]
[EventRounds "11"]
[EventCountry "USA"]
[SourceTitle "EXT 2024"]
[Source "ChessBase"]
[SourceDate "2023.10.10"]
[SourceVersion "1"]
[SourceVersionDate "2023.10.10"]
[SourceQuality "1"]

1. d4 d6 2. c4 e5 3. d5 f5 4. e4 fxe4 5. Nc3 Nf6 6. Nge2 g6 7. Ng3 Bg7 8. Ngxe4 0-0 9. Bg5 Nbd7 10. Qd2 Qe8 11. Bd3 Nxe4 12. Nxe4 Nf6 13. 0-0 Nxe4 14. Bxe4 Bf5 15. Rae1 Bxe4 16. Rxe4 Rf5 17. f4 Qf7 18. Rfe1 Rf8 19. g4 Rxg5 20. fxg5 Qf3 21. Qe2 Qh3 22. Qe3 Qh4 23. b4 h6 24. Qxa7 b6 25. Rf1 Rxf1+ 26. Kxf1 Qxh2 27. Re3 Qf4+ 28. Ke2 Qxc4+ 29. Kf2 e4 30. Qa8+ Kh7 31. Qc6 Qxa2+ 32. Re2 Bd4+ 33. Kf1 Qb1+ 34. Re1 Qd3+ 35. Re2 Qh3+ 36. Ke1 Bc3+ 37. Kd1 Qd3+ 38. Kc1 Bg7 39. Qxc7 Qxe2 40. gxh6 Kxh6 41. Qxd6 Qb2+ 42. Kd1 Qb1+ 43. Ke2 Qd3+ 44. Kf2 Bd4+ 45. Kg2 Qf3+ 46. Kh2 Qf2+ 47. Kh1 Qg1# 0-1

[Event "Titled Tuesday intern op 13th Jun Late"]
[Site "Chess.com INT"]
[Date "2023.06.13"]
[Round "3"]
[White "Rangel, Daniel"]
[Black "Krasteva, Beloslava"]
[Result "0-1"]
[WhiteElo "2199"]
[BlackElo "2238"]
[PlyCount "47"]
[EventDate "2023.06.13"]
[EventType "swiss (blitz)"]
[EventRounds "11"]
[EventCountry "USA"]
[SourceTitle "EXT 2024"]
[Source "ChessBase"]
[SourceDate "2023.10.10"]
[SourceVersion "1"]
[SourceVersionDate "2023.10.10"]
[SourceQuality "1"]

1. d4 Nf6 2. c4 e6 3. Nc3 h6 4. e3 Bb4 5. Bd3 0-0 6. Nge2 d5 7. a3 Be7 8. cxd5 exd5 9. Nf4 b6 10. Qc2 Bb7 11. g4 c5 12. Rg1 Re8 13. h4 cxd4 14. exd4 Ne4 15. Kf1 Bxh4 16. Be3 Nd7 17. Ncxd5 Rc8 18. Qb1 Ndf6 19. Nxf6+ Qxf6 20. Kg2 Nd2+ 21. Kh3 Nxb1 22. Raxb1 Bxf2 23. Bxf2 Qxf4 24. Rg3 0-1

[Event "Titled Tuesday intern op 16th May Late"]
[Site "Chess.com INT"]
[Date "2023.05.16"]
[Round "6"]
[White "Krasteva, Beloslava"]
[Black "Pein, Jonathan"]
[Result "0-1"]
[WhiteElo "2220"]
[BlackElo "2265"]
[PlyCount "90"]
[EventDate "2023.05.16"]
[EventType "swiss (blitz)"]
[EventRounds "11"]
[EventCountry "USA"]
[SourceTitle "CBM 214 Extra"]
[Source "ChessBase"]
[SourceDate "2023.07.31"]
[SourceVersion "1"]
[SourceVersionDate "2023.07.31"]
[SourceQuality "1"]

1. d4 d6 2. e4 Nf6 3. Bd3 Nc6 4. c3 e5 5. Nf3 Bg4 6. Be3 g6 7. h3 Bxf3 8. Qxf3 Bg7 9. Na3 0-0 10. 0-0 a6 11. Nc2 Nh5 12. g3 Qd7 13. Qg2 Rae8 14. Rae1 f6 15. f4 Kh8 16. f5 exd4 17. cxd4 d5 18. exd5 Ne7 19. fxg6 hxg6 20. Bd2 f5 21. g4 fxg4 22. hxg4 Nf6 23. Qh3+ Kg8 24. Ne3 Nexd5 25. Bxg6 Nxe3 26. Bxe3 Qxg4+ 27. Qxg4 Nxg4 28. Bxe8 Rxe8 29. Bf2 Rxe1 30. Rxe1 Nxf2 31. Kxf2 Bxd4+ 32. Kf3 Bxb2 33. Rb1 Bd4 34. Rxb7 Bb6 35. Ke4 Kf7 36. Kd5 Ke7 37. Kc6 a5 38. a4 Ke6 39. Rb8 Ke5 40. Re8+ Kd4 41. Rb8 Kc4 42. Rxb6 cxb6 43. Kxb6 Kb4 44. Kc6 Kxa4 45. Kc5 Kb3 0-1

[Event "Titled Tuesday intern op 04th Apr Late"]
[Site "Chess.com INT"]
[Date "2023.04.04"]
[Round "11"]
[White "Krasteva, Beloslava"]
[Black "Korkmaz, Necmettin"]
[Result "0-1"]
[WhiteElo "2220"]
[BlackElo "2091"]
[PlyCount "56"]
[EventDate "2023.04.04"]
[EventType "swiss (blitz)"]
[EventRounds "11"]
[EventCountry "USA"]
[SourceTitle "EXT 2024"]
[Source "ChessBase"]
[SourceDate "2023.10.10"]
[SourceVersion "1"]
[SourceVersionDate "2023.10.10"]
[SourceQuality "1"]

1. d4 d5 2. Nf3 Nf6 3. Bf4 c5 4. e3 Nc6 5. Nbd2 Qb6 6. dxc5 Qxb2 7. Rb1 Qc3 8. Bb5 g6 9. 0-0 Bg7 10. Be5 Qxc5 11. c4 dxc4 12. Nxc4 0-0 13. Bxc6 Qxc6 14. Na5 Qa6 15. Qd2 Bf5 16. Rxb7 Rfd8 17. Qb4 Nd5 18. Qb5 Qxb5 19. Rxb5 Bd3 20. Rbb1 Bxf1 21. Kxf1 f6 22. Bd4 e5 23. Bc5 Rac8 24. Nb7 Rd7 25. e4 Nc3 26. Rb3 Nxe4 27. Bxa7 Rcc7 28. Bb8 Rxb7 0-1